000 00790nam a2200265Ia 4500
005 20260121165821.0
008 008 260114s9999 xx 000 0 eng d
020 _a9783319452340
037 _aEBOOK
040 _aCRL
040 _beng
040 _cCRL
041 _2eng
041 _aeng
084 _qCRL
100 _aYogesh K. Dwivedi, Matti Mäntymäki, M.N. Ravishankar, Marijn Janssen, Marc Clement, Emma L. Slade, Nripendra P. Rana, Salah Al-Sharhan, Antonis C. Simintiras
_91056399
245 0 _aSocial Media: The Good, the Bad, and the Ugly
260 _bSpringer
260 _bSpringer
260 _c2016
856 _uhttps://link.springer.com/openurl?genre=book&isbn=978-3-319-45234-0
942 _cEBOOK
999 _c1622127
_d1622127